Sociologie du droit et de la justice (notice n° 2198590)
[ vue normale ]
| 000 -LEADER | |
|---|---|
| fixed length control field | 01734cam a2200157 4500500 |
| 005 - DATE AND TIME OF LATEST TRANSACTION | |
| control field | 20260405085551.0 |
| 041 ## - LANGUAGE CODE | |
| Language code of text/sound track or separate title | fre |
| 042 ## - AUTHENTICATION CODE | |
| Authentication code | dc |
| 100 10 - MAIN ENTRY--PERSONAL NAME | |
| Personal name | Delpeuch, Thierry |
| Relator term | author |
| 245 00 - TITLE STATEMENT | |
| Title | Sociologie du droit et de la justice |
| 260 ## - PUBLICATION, DISTRIBUTION, ETC. | |
| Name of publisher, distributor, etc. | Armand Colin,<br/> |
| Date of publication, distribution, etc. | 2014.<br/> |
| 520 ## - SUMMARY, ETC. | |
| Summary, etc. | La sociologie du droit et de la justice connaît un essor remarquable. De nombreux travaux éclairent d’un jour nouveau les rapports entre droit et société. Accordant une large place aux approches empiriques, ce manuel propose une synthèse des derniers acquis de la recherche en huit grandes thématiques : normes juridiques et normes sociales, cultures et conscience du droit, principes de justice et formes de jugement, droit et État, droit et action publique, professions juridiques, institutions de justice, rapports entre droit et activités économiques. Volontairement interdisciplinaire, ce manuel de sociologie emprunte aussi bien à la science politique, à l’histoire ou à l’anthropologie. Phénomène de judiciarisation, usages du droit par les mouvements sociaux, introduction de préoccupations gestionnaires dans l’exercice de la justice ou encore transnationalisation d’activités juridiques et judiciaires autrefois monopolisées par l’État-nation… autant de questions qui seront ici abordées. Un manuel destiné aux étudiants en sociologie, en science politique, ainsi qu’à ceux qui préparent les concours d’accès aux métiers de la justice, de la police ou de l’administration. |
| 700 10 - ADDED ENTRY--PERSONAL NAME | |
| Personal name | Dumoulin, Laurence |
| Relator term | author |
| 700 10 - ADDED ENTRY--PERSONAL NAME | |
| Personal name | de Galembert, Claire |
| Relator term | author |
| 856 41 - ELECTRONIC LOCATION AND ACCESS | |
| Uniform Resource Identifier | <a href="https://droit.cairn.info/sociologie-du-droit-et-de-la-justice--9782200246457?lang=fr&redirect-ssocas=7080">https://droit.cairn.info/sociologie-du-droit-et-de-la-justice--9782200246457?lang=fr&redirect-ssocas=7080</a> |
Pas d'exemplaire disponible.




Réseaux sociaux